Statistics for Words in Super Mario 64 Stars

Click here to take the quiz!

General Stats

  • This quiz has been taken 18 times
  • The average score is 71 of 213

Answer Stats

Word% Correct
The
93%
A
87%
O'
87%
Coins
80%
Koopa
80%
Penguin
80%
Red
80%
To
80%
Big
73%
Sky
73%
Bob-omb
67%
Can
67%
Eel
67%
In
67%
Island
67%
Mario
67%
Of
67%
Quick
67%
Shoot
67%
8
60%
Chain
60%
Footrace
60%
For
60%
Pyramid
60%
Blue
53%
Bowser's
53%
Fortress
53%
Gate
53%
Mountain
53%
Race
53%
Rainbow
53%
Secret
53%
Ship
53%
Slide
53%
Sub
53%
With
53%
Chomp's
47%
Head
47%
House
47%
Into
47%
Kicks
47%
Lost
47%
Maze
47%
On
47%
Snowman's
47%
Stop
47%
Thwomp
47%
Time
47%
Top
47%
Wall
47%
Wiggler
47%
Will
47%
Wings
47%
Work
47%
Away
40%
Behind
40%
Block
40%
Bully
40%
Cage
40%
Collect
40%
Come
40%
Log
40%
Manta
40%
Mushroom
40%
Out
40%
Pillar
40%
Play
40%
Puzzle
40%
Rematch
40%
Ride
40%
Roll
40%
Rolling
40%
Secrets
40%
Slip
40%
Sunken
40%
Through
40%
Town
40%
Whomp's
40%
And
33%
Arrow
33%
Atop
33%
Bird
33%
Bitty
33%
Blast
33%
Board
33%
Caps
33%
Cave
33%
Chip
33%
Elevator
33%
Eye
33%
Find
33%
Five
33%
Get
33%
Go
33%
Hand
33%
Itty
33%
Jet
33%
Li'l
33%
Off
33%
Over
33%
Plunder
33%
Ray's
33%
Rocks
33%
Slidin'
33%
Somewhere
33%
Stomp
33%
Stream
33%
Summit
33%
Tall
33%
Triangles
33%
Tricky
33%
Up
33%
Volcano
33%
Wild
33%
Boo's
27%
Bullies
27%
Flying
27%
Four
27%
Free
27%
Freeze
27%
Igloo
27%
Lifts
27%
Make
27%
Monkey
27%
Mountainside
27%
Mystery
27%
Pendulums
27%
Piranha
27%
Reward
27%
Shining
27%
Shocking
27%
Squirm
27%
Stone
27%
Treasure
27%
Watch
27%
15
20%
Beast
20%
Boil
20%
Books
20%
Bridge
20%
Cavern
20%
Chill
20%
Deep
20%
Downtown
20%
Exit
20%
Flower
20%
His
20%
Huge
20%
Hurry
20%
Inside
20%
Jumps
20%
Lonely
20%
Merry-Go-Round
20%
Metal-Head
20%
Move
20%
Mysterious
20%
Pit
20%
Pluck
20%
Scale
20%
Scary
20%
'Shrooms
20%
Talons
20%
Tour
20%
Toxic
20%
Afloat
13%
Amassed
13%
A-Maze-Ing
13%
Ancient
13%
Bars
13%
Breathtaking
13%
Caged
13%
Chests
13%
Crossing
13%
Cruiser
13%
Current
13%
Elevate
13%
Emergency
13%
Express
13%
Fall
13%
Floating
13%
Freezing
13%
From
13%
Ghost
13%
Haunted
13%
Hot-Foot-It
13%
Hunt
13%
Isle
13%
Moving
13%
Ocean
13%
Pieces
13%
Pillars
13%
Pole-Jumping
13%
Pond
13%
Red-Hot
13%
Room
13%
Seek
13%
Shallows
13%
Shell
13%
Stand
13%
Swimming
13%
Timed
13%
Tip
13%
View
13%
Whirl
13%
Wiggler's
13%
8-Coin
7%
Balcony
7%
Breeze
7%
Frosty
7%
Navigating
7%
Onto
7%
Shreddin'
7%
Swingin'
7%

Score Distribution

Percentile by Number Answered

Percent of People with Each Score

Your Score History

You have not taken this quiz